Statistics for 10 největších zemí Evropy podle rozlohy

Click here to take the quiz!

General Stats

  • This quiz has been taken 139 times
  • The average score is 10 of 10

Answer Stats

km2Stát% Correct
551 500Francie
100%
3 960 000Rusko
100%
505 992Španělsko
100%
603 500Ukrajina
100%
357 168Německo
97%
450 295Švédsko
96%
338 145Finsko
95%
301 336Itálie
94%
323 802Norsko
94%
312 685Polsko
94%

Score Distribution

Percentile by Number Answered

Percent of People with Each Score

Your Score History

You have not taken this quiz